000 00317nmm a2200097Ia 4500
008 220120s9999||||xx |||||||||||||||||und||
020 _a81-7722-031-7
100 _aHennessy, John L & Patterson, David A
245 0 _aComputer architecture a quantitative approch
260 _aTata mcgraw hill company Ltd
_bNew Delhi
_c2010
999 _c139536
_d139536